书目信息 |
| 题名: |
化学开放实验
|
|
| 作者: | 李天民 , 冯伟 编著 | |
| 分册: | ||
| 出版信息: | 长春 吉林大学出版社 2018 |
|
| 页数: | 120页 | |
| 开本: | 24cm | |
| 丛书名: | ||
| 单 册: | ||
| 中图分类: | G634.73 | |
| 科图分类: | ||
| 主题词: | 化学实验--高中--教学参考资料 | |
| 电子资源: | ||
| ISBN: | 978-7-5692-2323-1 | |
| 000 | 01000nam0 2200253 450 | |
| 001 | 012001002648 | |
| 005 | 20130123172939.0 | |
| 010 | @a978-7-5692-2323-1@dCNY25.00 | |
| 100 | @a20190109d2018 em y0chiy50 ea | |
| 101 | 0 | @achi |
| 102 | @aCN@b220000 | |
| 105 | @aa z 000yy | |
| 106 | @ar | |
| 200 | 1 | @a化学开放实验@9hua xue kai fang shi yan@f李天民,冯伟编著 |
| 210 | @a长春@c吉林大学出版社@d2018 | |
| 215 | @a120页@c图@d24cm | |
| 300 | @a校本课程读本/朱华伟主编 | |
| 330 | @a本书安排了配合国家教材的十几个精品主题实验,这些实验每一个都包括背景知识介绍、实验原理、操作步骤及课后反思等几块内容,要求学生独立进行实验操作,写出实验报告。此外,还浓缩汇编了该课程实施几年来学生大量课外实验中的部分实验成果,这些各种类型的实验,相当部分都是学生感兴趣的自主设计探究实验。 | |
| 606 | 0 | @a化学实验@x高中@j教学参考资料 |
| 690 | @aG634.73@v5 | |
| 701 | 0 | @a李天民@9li tian min@4编著 |
| 701 | 0 | @a冯伟@9feng wei@4编著 |
| 801 | 0 | @aCN@b江苏凤凰@c20191020 |
| 905 | @b1216238-41@dG634.73@e1393@f4 | |
| 化学开放实验/李天民,冯伟编著.-长春:吉林大学出版社,2018 |
| 120页:图;24cm |
| 校本课程读本/朱华伟主编 |
| ISBN 978-7-5692-2323-1:CNY25.00 |
| 本书安排了配合国家教材的十几个精品主题实验,这些实验每一个都包括背景知识介绍、实验原理、操作步骤及课后反思等几块内容,要求学生独立进行实验操作,写出实验报告。此外,还浓缩汇编了该课程实施几年来学生大量课外实验中的部分实验成果,这些各种类型的实验,相当部分都是学生感兴趣的自主设计探究实验。 |
| ● |
| 相关链接 |
|
|
|
|
正题名:化学开放实验
索取号:G634.73/1393
 
预约/预借
| 序号 | 登录号 | 条形码 | 馆藏地/架位号 | 状态 | 备注 |
| 1 | 1216238 | 212162381 | 第一样本阅览室/ [索取号:G634.73/1393] | 在馆 | |
| 2 | 1216239 | 212162390 | 教育系资料室/ [索取号:G634.73/1393] | 在馆 | |
| 3 | 1216240 | 212162407 | 教育系资料室/ [索取号:G634.73/1393] | 在馆 | |
| 4 | 1216241 | 212162416 | 第四借阅区/ [索取号:G634.73/1393] | 在馆 |